El orígen del hombre /
Guardado en:
| Autor Principal: | |
|---|---|
| Formato: | Libro |
| Publicado: |
Buenos Aires :
Hacette,
1962
|
| Materias: | |
| Etiquetas: |
Agregar Etiqueta
Sin Etiquetas, Sea el primero en etiquetar este registro!
|
| LEADER | 00891nam a22002175a 4500 | ||
|---|---|---|---|
| 001 | CEM.cems005082 | ||
| 005 | 20060217000000.0 | ||
| 008 | 130507s1962##################000#0#####d | ||
| 003 | CEMS | ||
| 082 | 0 | 4 | |a 573.2 |
| 100 | 1 | |a Piveteau, Jean | |
| 245 | 1 | 0 | |a El orígen del hombre / |
| 260 | |a Buenos Aires : |b Hacette, |c 1962 | ||
| 300 | |a 195 p. | ||
| 505 | 0 | |a Pruebas de que el hombre desciende de una forma inferior. Facultades mentales del hombre y de los animales inferiores. Modo como el hombre se ha desarrollado de alguna forma inferior. Desarrollo de las facultades morales e intelectuales en los tiempos primitivos y en los civilizados. Afinidades y genealogia del hombre | |
| 653 | |a Antropologia | ||
| 653 | |a Arqueologia | ||
| 653 | |a Historia de la cultura | ||
| 653 | |a Hombre prehistorico | ||
| 653 | |a Hombre-origen del | ||
| 859 | |a CEMS |b BIB. CEMS - 11 de abril |h 573.2 |i P579 |p 3269.74 |t Ej.1 | ||
